| 000 | 00360nam a2200145Ia 4500 | ||
|---|---|---|---|
| 008 | 230917s9999||||xx |||||||||||||| ||und|| | ||
| 040 |
_e118667 _aMAIN |
||
| 041 | _aEnglish | ||
| 082 | _a658.4 G959O | ||
| 100 | _aGupta & Chaturvedi | ||
| 245 | 0 | _aOrganisation & management | |
| 260 |
_aDelhi _bShree Mahavir Book Depot |
||
| 300 | _a484p. p. | ||
| 942 | _cBK | ||
| 999 |
_c102845 _d102845 |
||